000
00284nam a22001217a 4500
999
_c
13091
_d
13091
020
_a
9781787634381
082
_a
303.340
100
_a
Julia Gillard & Ngozi Okonjo Iweala
245
_a
Women and Leadership
260
_a
Australia
_b
Penguin
_c
2020
300
_a
325 pages
942
_c
BK